| 000 | 01389nam a2200241Ii 4500 | ||
|---|---|---|---|
| 003 | JO-AjNU | ||
| 005 | 20240630095233.0 | ||
| 008 | 230605s9999||||xx |||||||||||||| ||und|| | ||
| 040 |
_aJO-AjNU _bara _erda _cJO-AjNU |
||
| 041 | _aara | ||
| 050 | 1 | 4 | _aLB1131 2013 |
| 100 | 1 |
_aعليان الشامي، آيات خالد علي _eمعد _965898 |
|
| 245 | 0 |
_aتقويم كتاب الرياضيات للصف العاشر الاساسي من خلال مستوى تحصيل الطلبة واراء المعلمين في تربية محافظة الزرقاء=Evaluation of the Tenth Basic Grade Mathematics Currculum throgh Student,s Performance and Teachers and Supervisors Viewes in Zarka Education Directorate / _cاعداد آيات خالد علي عليان الشامي؛ اشراف احمد حسن القضاة |
|
| 264 | 3 | 1 | _a 2013 |
| 300 | _a124 ورقة | ||
| 336 |
_atext _btxt _2rdacontent |
||
| 337 |
_aunmediated _bn _2rdamedia |
||
| 338 |
_avolume _bnc _2rdacarrier |
||
| 500 | _aرسالة جامعية (ماجستير في مناهج الرياضيات واساليب التدريس )--جامعة ال البيت، كلية العلوم التربوية(المفرق)، 2013، يشتمل على جداول توضيحية | ||
| 650 | 4 |
_aالرياضيات - تحصيل الطلبة _957662 |
|
| 700 | 1 |
_aالقضاة، أحمد حسن _962613 _eمشرف |
|
| 942 |
_2lcc _cTHS |
||
| 999 |
_c29421 _d29421 |
||